000 00501nam a2200169Ia 4500
999 _c37096
_d37096
003 OSt
005 20210127104438.0
008 190216s9999||||xx |||||||||||||| ||und||
040 _coclc
082 _a490
_bFAR/A
100 _a Farooqi, Muhammed
_94611
245 0 _aArabic NET-SET-TET /
_cMuhammed Farooqi ; Muhammed Ismail Mujaddidi
260 _bSharafee Publications,
_c2012.
_aCalicut:
300 _a454p
650 _aArabic
942 _cREF
_2ddc
_h490
_iFAR/A
_k490
_mFAR/A